| 000 | 01634nam a2200373 c 4500 | ||
|---|---|---|---|
| 001 | 57858 | ||
| 003 | CO-BoRNBP | ||
| 005 | 20250731173615.0 | ||
| 007 | ta | ||
| 008 | 121119s2004 mx a br 000 j spa d | ||
| 020 | _a9789583801709 | ||
| 040 |
_aCO-BoRNBP _bspa _erda _cCO-BoRNBP |
||
| 041 | 1 |
_aspa _heng |
|
| 084 | _aA | ||
| 100 | 1 |
_aRoss, Tony, _d1938- _eaut |
|
| 245 | 1 | 3 |
_aEl trapito feliz / _cTonny Ross ; traducción Catalina Domínguez , edición Daniel Goldin. |
| 250 | _aEdición especial | ||
| 264 | 1 |
_aMéxico : _bFondo de Cultura Económica, _c2004 |
|
| 300 |
_a[28] páginas sin enumerar : _bilustraciones a color |
||
| 336 |
_atexto _btxt _2rdacontent |
||
| 337 |
_asin mediación _bn _2rdamedia |
||
| 338 |
_avolumen _bnc _2rdacarrier |
||
| 490 | 0 |
_aPlan Nacional de Lectura y Escritura Leer es mi Cuento. _a2011 |
|
| 520 | _aLas historias pueden variar mucho en su sentido dependiendo desde dónde se narre su verdad, y Pablo y Lucy tienen dos percepciones muy distintas sobre un mismo accionar. Historia doble, contada como frente a un espejo, que se lee desde ambos extremos del libro hasta su centro, donde las soledades de los dos niños por fin se encontrarán | ||
| 521 | 1 | _aRecomendado para un público infantil mayor de 6 años | |
| 534 | _tThe happy rag | ||
| 650 | 0 | 7 |
_aCuentos infantiles ingleses _ysiglo xx _2lemb _9741 |
| 650 | 0 | 7 |
_aLibros ilustrados para niños _2lemb _92001 |
| 650 | 0 | 7 |
_aLiteratura infantil inglesa _ysiglo xx _2lemb _9701 |
| 650 | 0 | 7 |
_aNiños en la literatura _2lemb _9873 |
| 700 |
_aDomínguez, Catalina _etrl _935599 |
||
| 700 |
_aGoldin, Daniel _eedt |
||
| 942 |
_2loc _cBKLITI |
||
| 999 |
_c57858 _d57858 |
||